01354nam a2200241Ia 4500001000600000003000900006008004100015040001300056040001300069041001300082100001300095100002900108245004500137245004500182250001100227260001100238260001600249260004900265300005500314500068500369650002701054650003101081H7287IT-RoPAU130308s9999 xx 000 0 und d aIT-RoPAU cIT-RoPAU aITALIANO aFo Dario gCodice Aut. SPICS: 6571 aIsabella, tre caravelle e un cacciaballe bIsabella, tre Caravelle e un Cacciaballe a1a ed. aMILANO bRCS Editore c2006 [1° Ed.:2006 - Ed.Ling.Originale:1966] a"88 p. (prefazione: no ; testo: 88 [pagine: 0-0])" aIl Cacciaballe è Cristoforo Colombo che Tenta con inganni e Intrallazzi di convincere la regina di Castiglia a Finanziare la Sua Spedizione Alla Scoperta dell'America. intorno a Lui si Muovomo Personaggi Piu' o meno Corrotti e Spregevoli che si possono incontrare in Ogni Epoca (Anche la Nostra), con Il risultato di Smitizzare Non Solo la Biografia Eroica e romantica del Grande Genovese, Ma Anche la Storia ufficiale della conquista del Nuovo Mondo. Il Gioco Finirà Male, Sia per Il Navigatore, Sia per Colui che Lo Impersona nel Macabro Racconto Cinquecentesco. Lo Spettacolo è Stato messo in scena per la Prima Volta nel 1964. Il Volume è Allegato al Dvd N 9946/H7286. aAUTORI/OPERE DI TEATRO eCodice materia Spics: 8407